TV Siblings - Part 1 - Statistics

General Stats
  • This quiz has been taken 575 times
  • The average score is 10 of 20
Answer Stats
Hint Answer % Correct
Ross & Monica Friends
96%
Frasier & Niles Frasier
81%
Dexter & Debra Dexter
75%
DJ, Stephanie, & Michelle Full House
72%
Spencer & Carly iCarly
67%
Greg, Marcia, Peter, Jan, Bobby, & Cindy The Brady Bunch
66%
Sondra, Denise, Theo, Vanessa, & Rudy The Cosby Show
63%
Becky, Darlene, & DJ Roseanne
57%
Tamera & Tia Sister, Sister
56%
Charlie & Alan Two And A Half Men
56%
Prue, Piper, Phoebe, & Paige Charmed
55%
Claire & Mitch Modern Family
49%
Jason & Sookie True Blood
40%
Justin, Alex, & Max Wizards Of Waverly Place
33%
PJ, Teddy, Gabe, & Charlie Good Luck Charlie
30%
Charlie, Bailey, Julia, Claudia, & Owen Party Of Five
27%
Trina & Tori Victorious
17%
Donny, Ren, & Louis Even Stevens
9%
Silas, Shane, & Stevie Weeds
9%
Julie & MJ Desperate Housewives
8%
No matching quizzes found
Score Distribution
Percent of People with Each Score
Percentile by Number Answered
Your Score History
You have not taken this quiz